| 000 | 00646nam a2200241 u 4500 | ||
|---|---|---|---|
| 005 | 20240831063807.0 | ||
| 008 | 160503s2002 es r 000 0 spa d | ||
| 020 | _a8423663124 | ||
| 035 | _aUPN01000210098 | ||
| 049 | _aI | ||
| 050 | 4 |
_aPZ78 _bT6.62 2002 |
|
| 100 | 1 |
_aTobella, Montse _933328 |
|
| 245 | 1 | 0 |
_aPapá / _cMontse Tobella. |
| 250 | _a2a ed. | ||
| 260 |
_aBarcelona, Esp. : _bEdebé, _c2002. |
||
| 300 |
_a[28] p. : _bil. col. |
||
| 440 | 0 | _aMi familia | |
| 650 | 4 |
_aCuentos infantiles españoles _97725 |
|
| 650 | 4 |
_aPADRES - _vLITERATURA INFANTIL _924949 |
|
| 905 | _aInfantil | ||
| 999 |
_c182199 _d182199 |
||